| 000 | 00471nam a22001817a 4500 | ||
|---|---|---|---|
| 003 | MPLRDC | ||
| 005 | 20220104143340.0 | ||
| 008 | 210129b ||||| |||| 00| 0 eng d | ||
| 082 | _a618 ZGLS v.27 | ||
| 100 | _a杜学山 | ||
| 245 |
_a中国历史演义全集: 民国演义. 五 _c |
||
| 250 | _a初版 | ||
| 260 |
_a _b远流出版社 _c1980 |
||
| 300 | _b精 | ||
| 490 | _a中国历史演义全集. 27 | ||
| 650 | _a中国史地丛书 | ||
| 942 |
_cBK _o618 ZGLS v.27 |
||
| 999 |
_c39046 _d39036 |
||